<?xml version='1.0' encoding='UTF-8'?>
  <record xmlns="http://www.loc.gov/MARC21/slim">
    <leader>00000cam a22000007i 4500</leader>
    <controlfield tag="001">on1573512966</controlfield>
    <controlfield tag="003">OCoLC</controlfield>
    <controlfield tag="005">20260218061759.7</controlfield>
    <controlfield tag="006">chyk|  |||   n  | </controlfield>
    <controlfield tag="008">260217s1735    ne g          000 | may d</controlfield>
    <datafield tag="040" ind1=" " ind2=" ">
      <subfield code="a">QGJ</subfield>
      <subfield code="b">eng</subfield>
      <subfield code="e">rda</subfield>
      <subfield code="e">dcrmr</subfield>
      <subfield code="c">QGJ</subfield>
      <subfield code="d">QGJ</subfield>
    </datafield>
    <datafield tag="026" ind1=" " ind2=" ">
      <subfield code="e">173504 - *1b1 A2 tata : *1b2 Y3 a - *2b1 (a3) elàh$ : 2b2 (n3) $pend</subfield>
      <subfield code="2">stcnf</subfield>
    </datafield>
    <datafield tag="035" ind1=" " ind2=" ">
      <subfield code="a">(OCoLC)1573512966</subfield>
    </datafield>
    <datafield tag="041" ind1="1" ind2=" ">
      <subfield code="a">may</subfield>
      <subfield code="k">dut</subfield>
      <subfield code="h">heb</subfield>
      <subfield code="h">grc</subfield>
    </datafield>
    <datafield tag="245" ind1="0" ind2="0">
      <subfield code="a">Sjixr segal̄a Mazmûr p̳ Dâʹûd, dán :</subfield>
      <subfield code="b">pûd̳ji p̳ an jan̳g lâjin. Terkâran̳g ʼâtas tîtah segal̄a tuw̄an pem̄arenteh Kompanij̄â.</subfield>
    </datafield>
    <datafield tag="246" ind1="1" ind2=" ">
      <subfield code="i">Title of part 2:</subfield>
      <subfield code="a">Tax̄lîmu-'ld̄îni-'l mesêhhij̄i, 'ij̄a 'îtu, pang-adjâran 'agam̄a, dán sjahâdet 'îmân 'awrang mesêhhij, serta dengan segal̄a sombahjang, dán fatsal p jang lâjin.</subfield>
    </datafield>
    <datafield tag="264" ind1=" " ind2="1">
      <subfield code="a">Dibendar 'Am̄isterdam, :</subfield>
      <subfield code="b">Tertarâ 'awleh R. dán DJ. Wet'istejn, Pen̄arâ p̳ Kompanij̄â.,</subfield>
      <subfield code="c">MDCCXXXV. [1735]</subfield>
    </datafield>
    <datafield tag="300" ind1=" " ind2=" ">
      <subfield code="a">2 part in 1 volume ([2], 184 pages; [2], 101, [1] pages) :</subfield>
      <subfield code="b">music ;</subfield>
      <subfield code="c">26 cm (4to)</subfield>
    </datafield>
    <datafield tag="336" ind1=" " ind2=" ">
      <subfield code="a">text</subfield>
      <subfield code="b">txt</subfield>
      <subfield code="2">rdacontent</subfield>
    </datafield>
    <datafield tag="336" ind1=" " ind2=" ">
      <subfield code="a">notated music</subfield>
      <subfield code="b">ntm</subfield>
      <subfield code="2">rdacontent</subfield>
    </datafield>
    <datafield tag="337" ind1=" " ind2=" ">
      <subfield code="a">unmediated</subfield>
      <subfield code="b">n</subfield>
      <subfield code="2">rdamedia</subfield>
    </datafield>
    <datafield tag="338" ind1=" " ind2=" ">
      <subfield code="a">volume</subfield>
      <subfield code="b">nc</subfield>
      <subfield code="2">rdacarrier</subfield>
    </datafield>
    <datafield tag="340" ind1=" " ind2=" ">
      <subfield code="m">4to</subfield>
      <subfield code="2">rdabf</subfield>
    </datafield>
    <datafield tag="500" ind1=" " ind2=" ">
      <subfield code="a">Part 1: Metrical version of the Psalms and Canticles, translated by G.H. Werndly and S. Seruys, with musical notation. Part 2: Malay translation of the Heidelberg Catechism.</subfield>
    </datafield>
    <datafield tag="500" ind1=" " ind2=" ">
      <subfield code="a">Part 2 has a separate title page and paginations, but with continuous signatures.</subfield>
    </datafield>
    <datafield tag="500" ind1=" " ind2=" ">
      <subfield code="a">Text in two columns.</subfield>
    </datafield>
    <datafield tag="500" ind1=" " ind2=" ">
      <subfield code="a">Signatures: [pi]¹ A-Z⁴ [chi]¹ (a)-(n)⁴ ((n4) is blank).</subfield>
    </datafield>
    <datafield tag="500" ind1=" " ind2=" ">
      <subfield code="a">With initials.</subfield>
    </datafield>
    <datafield tag="500" ind1=" " ind2=" ">
      <subfield code="a">Also issued the same year an octavo edition without a separate title page of the second part and with continuous pagination and signatures. See STCN, 294260420.</subfield>
    </datafield>
    <datafield tag="510" ind1="4" ind2=" ">
      <subfield code="a">Short title catalogue Netherlands,</subfield>
      <subfield code="c">23494336X</subfield>
      <subfield code="u">https://data.cerl.org/stcn/23494336X</subfield>
    </datafield>
    <datafield tag="510" ind1="4" ind2=" ">
      <subfield code="a">Historical catalogue of the printed editions of Holy Scripture in the Library of the British and Foreign Bible Society,</subfield>
      <subfield code="c">6494 (note)</subfield>
    </datafield>
    <datafield tag="510" ind1="4" ind2=" ">
      <subfield code="3">Sjixr segal̄a Mazmûr p̳ Dâʹûd:</subfield>
      <subfield code="a">Landwehr, J. VOC: a bibliography,</subfield>
      <subfield code="c">718</subfield>
    </datafield>
    <datafield tag="510" ind1="4" ind2=" ">
      <subfield code="3">Tax̄lîmu-'ld̄îni-'l mesêhhij̄i:</subfield>
      <subfield code="a">Landwehr, J. VOC: a bibliography,</subfield>
      <subfield code="c">674</subfield>
    </datafield>
    <datafield tag="510" ind1="4" ind2=" ">
      <subfield code="a">Werndly, G.H. Maleische spraakkunst,</subfield>
      <subfield code="c">p. 268-275, 331</subfield>
    </datafield>
    <datafield tag="650" ind1=" " ind2="0">
      <subfield code="a">Hymns, Malay.</subfield>
    </datafield>
    <datafield tag="650" ind1=" " ind2="0">
      <subfield code="a">Psalms (Music)</subfield>
    </datafield>
    <datafield tag="650" ind1=" " ind2="0">
      <subfield code="a">Psalters</subfield>
      <subfield code="z">Indonesia.</subfield>
    </datafield>
    <datafield tag="700" ind1="1" ind2=" ">
      <subfield code="a">Werndly, Georg Heinrich,</subfield>
      <subfield code="d">1694-1744,</subfield>
      <subfield code="e">translator.</subfield>
      <subfield code="4">trl</subfield>
      <subfield code="1">https://id.oclc.org/worldcat/entity/E39PBJyMbYfrPTxHcCMGGJYkjC</subfield>
    </datafield>
    <datafield tag="700" ind1="1" ind2=" ">
      <subfield code="a">Wetstein, Rudolf,</subfield>
      <subfield code="d">active 1701-1736,</subfield>
      <subfield code="e">printer.</subfield>
      <subfield code="4">prt</subfield>
      <subfield code="1">https://id.oclc.org/worldcat/entity/E39PBJghkYxFXvVRCQWCC7F9Xd</subfield>
    </datafield>
    <datafield tag="700" ind1="1" ind2=" ">
      <subfield code="a">Wetstein, Gerard,</subfield>
      <subfield code="d">1680-1755,</subfield>
      <subfield code="e">printer.</subfield>
      <subfield code="4">prt</subfield>
      <subfield code="1">https://id.oclc.org/worldcat/entity/E39PBJjRWRvVp8bDffPBYRxCcP</subfield>
    </datafield>
    <datafield tag="710" ind1="2" ind2=" ">
      <subfield code="a">Nederlandsche Oost-Indische Compagnie,</subfield>
      <subfield code="e">patron.</subfield>
      <subfield code="4">pat</subfield>
    </datafield>
    <datafield tag="730" ind1="0" ind2="2">
      <subfield code="i">Container of (expression):</subfield>
      <subfield code="a">Bible.</subfield>
      <subfield code="p">Song of Solomon.</subfield>
      <subfield code="k">Paraphrases.</subfield>
      <subfield code="l">Malay.</subfield>
    </datafield>
    <datafield tag="730" ind1="0" ind2="2">
      <subfield code="i">Container of (expression):</subfield>
      <subfield code="a">Bible.</subfield>
      <subfield code="p">Psalms.</subfield>
      <subfield code="k">Paraphrases.</subfield>
      <subfield code="l">Malay.</subfield>
    </datafield>
    <datafield tag="730" ind1="0" ind2="2">
      <subfield code="i">Container of (expression):</subfield>
      <subfield code="a">Heidelberger Katechismus.</subfield>
      <subfield code="l">Malay.</subfield>
    </datafield>
    <datafield tag="752" ind1=" " ind2=" ">
      <subfield code="a">Netherlands</subfield>
      <subfield code="d">Amsterdam,</subfield>
      <subfield code="e">publication place.</subfield>
      <subfield code="4">pup</subfield>
    </datafield>
  </record>